000 00996nam a2200193 a 4500
008 200925s2019 ||||||||||||||||| || u
020 _a9789982709705
050 _aTE 278 Low
110 _aMinistry of Housing and Infrastructure Development (Zambia)
245 1 0 _aLow volume roads manual volume 1: pavement design
_cBy the Ministry of Housing and Infrastructure Development
260 _aPretoria
_bTshwane University of Technology
_c2019
300 _axi, Various pages : illustrated
650 _aROAD ENGINEERING--ZAMBIA
650 _aROAD MAINTENANCE MANUAL--ZAMBIA
650 _aRURAL ROADS--SAFETY MEASURES--ZAMBIA
650 _aROAD CONSTRUCTION INDUSTRY--AFRICA, ZAMBIA--MAINTENANCE
995 _aMAIN LIBRARY OPEN ACCESS
_e750491
_FCBU-MAIN LIBRARY (Kitwe)
_jTE 278 Low
_M1
_UAVAILABLE
_WSep 25, 2020
_y750491
_ZMain Library Open Access Collection
995 _aSPECIAL COLLECTIONS
_e4424
_FCBU-MAIN LIBRARY (Kitwe)
_jGOV ZAM(02)2019/1
_M2
_UAVAILABLE
_WApr 13, 2021
_yB4424
_ZZambiana Collection
999 _c82263
_d82263